|
|
|
|
| LEADER |
00000nab a2200000 ar4500 |
| 001 |
vtls009960263 |
| 003 |
SK-MaSNL |
| 005 |
20260426063014.0 |
| 008 |
091015c2009 xo mr|p|||||||000 b|slo |
| 015 |
|
|
|a SNBRB2009/10
|2 snkbucl
|
| 038 |
|
|
|a SNKBUCL
|
| 040 |
|
|
|a SNKBUCL
|b slo
|c SNKBUCL
|e AACR2
|
| 041 |
0 |
|
|a slo
|
| 044 |
|
|
|a xo
|c SK
|
| 080 |
|
|
|a 728.2
|x (437.6)
|2 2001
|
| 100 |
1 |
|
|a Bacová, Andrea,
|d 1962-
|4 aut
|9 103730
|
| 245 |
1 |
0 |
|a Iný ako ostatné
|c Andrea Bacová
|
| 300 |
|
|
|b Fotogr., obr.
|
| 500 |
|
|
|a Architekt: Ľubomír Boháč - Ateliér Art, s.r.o.
|
| 500 |
|
|
|a Poznámky
|
| 610 |
2 |
7 |
|a Centrum Gercenova (obytný súbor : Bratislava, Slovensko)
|x 5. stavba
|x architektúra
|2 snkbucl
|9 1284295
|
| 650 |
0 |
7 |
|a obytné súbory
|2 snkbucl
|9 725874
|
| 650 |
0 |
7 |
|a bytové domy
|2 snkbucl
|9 31781
|
| 651 |
|
7 |
|a Petržalka (Bratislava, Slovensko)
|2 snkbucl
|9 20817
|
| 651 |
|
7 |
|a Bratislava (Slovensko)
|2 snkbucl
|9 14568
|
| 773 |
0 |
|
|t ARCH
|g Roč. 14, č. 9 (2009), s. 40-43
|x 1335-3268
|
| 852 |
|
|
|a SNK
|b KIS3GCP
|
| 958 |
|
|
|a SK
|
| 999 |
|
|
|c 2551698
|d 2553628
|